As viagens de Marco Polo (Record no. 72661)

MARC details
000 -LÍDER
campo de controle de tamanho fixo 00389 a2200169 4500
001 - NÚMERO DE CONTROLE
campo de controle 72661
020 ## - ISBN - INTERNATIONAL STANDARD BOOK NUMBER
ISBN - International Standard Book Number 8526207091
040 ## - FONTE DA CATALOGAÇÃO
Instituição que transcreveu o registro Anchieta - Colégio São Paulo
100 ## - ENTRADA PRINCIPAL--NOME PESSOAL
Nome pessoal Machado, Ana Maria
240 10 - TÍTULO UNIFORME
Título uniforme As viagens de Marco Polo
Idioma da obra por
245 10 - TÍTULO
Título As viagens de Marco Polo
300 ## - DESCRIÇÃO FÍSICA
Extensão 118
362 0# - DATAS DE PUBLICAÇÃO E/OU DESIGNAÇÃO SEQUENCIAL
Datas de publicação e/ou designação sequencial 1999
440 #1 - DECLARAÇÃO DE SÉRIE/ENTRADA ADICIONADA--TÍTULO
Título Scipione
650 #4 - ASSUNTO--TERMO TÓPICO
Cabeçalho tópico ou nome geográfico Literatura juvenil
942 ## - ELEMENTOS DE ENTRADA ADICIONADOS (KOHA)
Tipo de material Koha Livros
Holdings
Situação do descarte Situação das perdas Fonte da classificação ou esquema de arquivamento na estante Situação física Não pode ser emprestado Biblioteca de origem Biblioteca atual Data de aquisição Total de empréstimos Número de chamada completo Código de barras Data de último acesso Número do exemplar Data do preço efetivo Tipo de material Koha
          Portinari - Salvador Portinari - Salvador 19/07/2024   028.5 M149v 4338/CCP 19/07/2024 Ex. 1 19/07/2024 Livros
          Portinari - Salvador Portinari - Salvador 19/07/2024   028.5 M149v 7187/CCP 19/07/2024 Ex. 2 19/07/2024 Livros
          Portinari - Salvador Portinari - Salvador 22/07/2024   028.5 M149v 5268/CCP 22/07/2024 Ex. 3 22/07/2024 Livros